7th International Symposium on Environmental and Material Flow Management book of proceedings : November 3-5, 2017, Bor, Serbia
Uložené v:
| Korporácia: | , , |
|---|---|
| Ďalší autori: | , |
| Médium: | Kniha |
| Jazyk: | English |
| Vydavateľské údaje: |
Bor
Technical Faculty in Bor, University of Belgrade
2017
|
| Vydanie: | 1st edition |
| Predmet: | |
| Tagy: |
Žiadne tagy, Buďte prvý, kto otaguje tento záznam!
|
MARC
| LEADER | 00000nlm a2200000 4500 | ||
|---|---|---|---|
| 001 | 0241024 | ||
| 005 | 20220822113147.0 | ||
| 020 | |a 978-86-6305-071-6 | ||
| 041 | 0 | |a eng | |
| 044 | |a RS | ||
| 245 | 1 | 0 | |a 7th International Symposium on Environmental and Material Flow Management |b book of proceedings : November 3-5, 2017, Bor, Serbia |c Editor-in-Chief: Živan Živković, Ivan Mihajlović |
| 250 | |a 1st edition | ||
| 264 | 1 | |a Bor |b Technical Faculty in Bor, University of Belgrade |c 2017 | |
| 300 | |a online [194 s.] | ||
| 610 | 2 | 0 | |a manažment environmentálny |
| 610 | 2 | 0 | |a ochrana prostredia životného |
| 610 | 2 | 0 | |a materiál |
| 610 | 2 | 0 | |a zdroje prírodné |
| 610 | 2 | 0 | |a rozvoj trvalo udržateľný |
| 700 | 1 | |a Živković, Živan | |
| 700 | 1 | |a Mihajlović, Ivan | |
| 110 | 2 | |a International Symposium on Environmental and Material Flow Management | |
| 710 | 2 | |a Trier University of Applied Sciences. Environmetal Campus in Birkenfeld | |
| 710 | 2 | |a University of Zenica. Faculty of Mechanical Enginering | |